| 000 | 00480nam a2200157 i 4500 | ||
|---|---|---|---|
| 001 | 58241 | ||
| 003 | ES-MaACL | ||
| 005 | 20230906163745.0 | ||
| 007 | t| | ||
| 008 | 031021s1922 fr ||||1| fre d | ||
| 100 | 1 |
_aDuquesnel, Félix. _946162 |
|
| 245 | 1 | 0 |
_aSouvenirs litteraires _b: George Sand, Alexandre Dumas / _cFélix Duquesnel. |
| 260 |
_aParis : _b[s.n.], _c1922 ( _fImpr.-libr.-éditeurs Plon-Nourrit et Cie) |
||
| 300 |
_a308 p. ; _c20 cm. |
||
| 852 |
_aES-MaACL _jF-2507 |
||
| 999 |
_c58241 _d58241 |
||